| Tag |
First Indicator |
Second Indicator |
Subfields |
| LEADER |
00000cam a2200000La 4500 |
| 001 |
in00002249491 |
| 005 |
20190326182722.0 |
| 006 |
m u |
| 007 |
cr cn| |
| 008 |
000808s1995 hiua sb s000 0 eng d |
| 020 |
|
|
|a 0585249938 (electronic bk.)
|
| 020 |
|
|
|a 9780585249933 (electronic bk.)
|
| 035 |
|
|
|a (OCoLC)ocm44955748
|
| 035 |
|
|
|a (OCoLC)44955748
|
| 040 |
|
|
|a N$T
|c N$T
|d OCL
|d OCLCQ
|d UtOrBLW
|
| 043 |
|
|
|a n-us-hi
|
| 049 |
|
|
|a TXAM
|
| 050 |
1 |
4 |
|a D753.8
|b .K57 1995eb
|
| 082 |
0 |
4 |
|a 996.9/004956
|2 20
|
| 100 |
1 |
|
|a Knaefler, Tomi Kaizawa.
|
| 245 |
1 |
0 |
|a Our house divided :
|b seven Japanese American families in World War II /
|c Tomi Kaizawa Knaefler.
|
| 264 |
|
1 |
|a Honolulu :
|b University of Hawai'i Press,
|c [1995]
|
| 264 |
|
4 |
|c ©1995
|
| 300 |
|
|
|a xi, 128 pages :
|b illustrations ;
|c 22 cm.
|
| 336 |
|
|
|a text
|b txt
|2 rdacontent
|
| 337 |
|
|
|a computer
|b c
|2 rdamedia
|
| 338 |
|
|
|a online resource
|b cr
|2 rdacarrier
|
| 490 |
0 |
|
|a A Kolowalu book
|
| 504 |
|
|
|a Includes bibliographical references (pages 127-128).
|
| 533 |
|
|
|a Electronic reproduction.
|b Boulder, Colo. :
|c NetLibrary,
|d 2000.
|n Available via the World Wide Web.
|n Available in multiple electronic file formats.
|n Access may be limited to NetLibrary affiliated libraries.
|
| 500 |
|
|
|a Electronic resource.
|
| 650 |
|
0 |
|a World War, 1939-1945
|x Japanese Americans.
|
| 650 |
|
0 |
|a World War, 1939-1945
|z Hawaii.
|
| 650 |
|
0 |
|a Japanese Americans
|z Hawaii
|x History
|y 20th century.
|
| 650 |
|
0 |
|a World War, 1939-1945
|x Participation, Japanese American.
|
| 651 |
|
0 |
|a Hawaii
|x History
|y 1900-1959.
|
| 655 |
|
7 |
|a Electronic books.
|2 local
|
| 710 |
2 |
|
|a NetLibrary, Inc.
|
| 776 |
1 |
|
|c Original
|z 0824810457
|w (DLC) 91019279
|w (OCoLC)23766439
|
| 856 |
4 |
0 |
|u http://proxy.library.tamu.edu/login?url=http://www.netLibrary.com/urlapi.asp?action=summary&v=1&bookid=39307
|z Connect to the full text of this electronic book
|t 0
|
| 994 |
|
|
|a 92
|b TXA
|
| 999 |
|
|
|a MARS
|
| 999 |
f |
f |
|s 95a68fdd-066d-3f70-a842-a50aec6e6556
|i 7a8eeb46-329c-3389-8d7b-ea8b01b4f8a4
|t 0
|
| 952 |
f |
f |
|a Texas A&M University
|b College Station
|c Electronic Resources
|d Available Online
|t 0
|e D753.8 .K57 1995eb
|h Library of Congress classification
|
| 998 |
f |
f |
|a D753.8 .K57 1995eb
|t 0
|l Available Online
|